| 000 | 01197nab a2200253 i 4500 | ||
|---|---|---|---|
| 001 | BPP | ||
| 003 | BPK | ||
| 005 | 20190717124549.0 | ||
| 008 | 150227s1977 pl | | |000 ||pol | ||
| 040 | _cBPK | ||
| 080 | _a624.15 | ||
| 080 | _a534 | ||
| 100 |
_aFALKOWSKI, Józef. _d1972 - 1996. _bWyższa Szkoła Inżynierska w Koszalinie - Instytut Budownictwa, _cZakład Mechaniki Budowli |
||
| 245 |
_aWpływ losowego mimośrodu na amplitudy drgań fundamentów blokowych / _cJózef Falkowski, Bogdan Wilczyński. |
||
| 260 | _c1977. | ||
| 500 | _aDane z autopsji. | ||
| 520 | _aRozpatrzono wpływ losowego mimośrodu pionowej wypadkowej oddziaływań sprężystych podłoża na amplitudy drgań wymuszonych tłumionych układu maszyna-fundament. Zagadnienie rozwiązano metodą tworzenia zbioru realizacji. | ||
| 650 | 0 | _aBudownictwo. | |
| 650 | 0 | _aFundamenty. | |
| 650 | 0 | _aDrgania | |
| 700 |
_aWILCZYŃSKI, Bogdan. _d1970 - 1996. _bWyższa Szkoła Inżynierska w Koszalinie - Instytut Konstrukcji i Eksploatacji Maszyn, _cZakład Mechaniki Technicznej |
||
| 773 |
_iW : _tInżynieria i Budownictwo. - _g1977, R. 34 (39), nr 3 (387), s. 100-102 |
||
| 942 |
_cART _2UKD |
||
| 999 |
_c2630 _d2630 |
||